000 01357nam a2200229 4500
005 20260211171105.0
008 260211b |||||||| |||| 00| 0 eng d
020 _a9788181970930 (खण्ड 1) (hbk)
037 _cREF
040 _aCRL
_cCRL
041 _2hin
_ahin
084 _aNT44k 152P5;R0.1-.3 (RR)
_qCRL
245 _aभारतीय रंगकोश:
_bसंदर्भ: हिन्दी
250 _a2 संस्करण
260 _aनई दिल्ली, भारत:
_bराष्ट्रीय नाट्य विद्यालय,
_c2020.
300 _aखण्ड 1 (1-648 पृ.), खण्ड 2 (1-362पृ.), खण्ड 3 (1-332पृ.)
365 _b2350.00
_cINR
650 _aललित कला
_91115391
700 _aअग्रवाल, प्रतिभा
_eसम्पादक
_91115392
942 _2CC
_n0
_cTB
_e2 संस्करण
_hNT44k 152P5;R0.1-.3 (RR)
999 _c1679417
_d1679417